[Event "Göteborg Open 2016"]
[Site "Idrottsvägen 2, Mölnlycke, Sweden"]
[Date "2016.08.19"]
[Round "1.1"]
[White "Hattab, Hashim"]
[Black "Greenfeld, Alon"]
[Result "0-1"]
[BlackElo "2568"]
[WhiteElo "1910"]
[LiveChessVersion "1.4.8"]

1. d4 {[%clk 0:15:05]} Nf6 {[%clk 0:15:06]} 2. c4 {[%clk 0:15:06]} g6
{[%clk 0:14:43]} 3. Nc3 {[%clk 0:14:55]} d5 {[%clk 0:14:46]} 4. cxd5
{[%clk 0:14:46]} Nxd5 {[%clk 0:14:49]} 5. e4 {[%clk 0:14:43]} Nxc3
{[%clk 0:14:51]} 6. bxc3 {[%clk 0:14:47]} Bg7 {[%clk 0:14:54]} 7. Bc4
{[%clk 0:14:38]} c5 {[%clk 0:14:50]} 8. Be3 {[%clk 0:14:36]} Qa5 {[%clk 0:12:47]}
9. Qd2 {[%clk 0:14:12]} Nc6 {[%clk 0:12:41]} 10. Ne2 {[%clk 0:13:53]} O-O
{[%clk 0:12:40]} 11. O-O {[%clk 0:11:56]} cxd4 {[%clk 0:12:33]} 12. Nxd4
{[%clk 0:10:50]} Rd8 {[%clk 0:09:14]} 13. Qb2 {[%clk 0:07:48]} Ne5
{[%clk 0:08:24]} 14. Be2 {[%clk 0:07:34]} Qc7 {[%clk 0:07:28]} 15. Rad1
{[%clk 0:07:27]} Bd7 {[%clk 0:06:07]} 16. Qb4 {[%clk 0:06:44]} Nc6
{[%clk 0:04:31]} 17. Qc5 {[%clk 0:04:40]} Rac8 {[%clk 0:04:35]} 18. Nxc6
{[%clk 0:03:22]} Bxc6 {[%clk 0:04:37]} 19. Rxd8+ {[%clk 0:03:01]} Rxd8
{[%clk 0:04:36]} 20. Qxa7 {[%clk 0:02:46]} Qe5 {[%clk 0:04:04]} 21. Qb6
{[%clk 0:02:25]} Ra8 {[%clk 0:04:02]} 22. Bd4 {[%clk 0:02:05]} Qxe4
{[%clk 0:03:54]} 23. Bf3 {[%clk 0:01:51]} Qe6 {[%clk 0:03:50]} 24. Bxc6
{[%clk 0:01:45]} bxc6 25. a4 {[%clk 0:01:39]} Rxa4 {[%clk 0:03:19]} 26. Qb8+
{[%clk 0:01:39]} Bf8 {[%clk 0:03:22]} 27. Rb1 {[%clk 0:01:27]} f6
{[%clk 0:03:18]} 28. h3 {[%clk 0:01:30]} Kf7 {[%clk 0:03:13]} 29. Qd8
{[%clk 0:01:31]} Ra2 {[%clk 0:02:47]} 30. Rb8 {[%clk 0:01:28]} Ra1+
{[%clk 0:02:50]} 31. Kh2 {[%clk 0:01:24]} Qd6+ {[%clk 0:02:55]} 32. Qxd6
{[%clk 0:01:22]} exd6 {[%clk 0:02:59]} 33. Rb7+ {[%clk 0:01:26]} Be7
{[%clk 0:03:03]} 34. c4 {[%clk 0:00:50]} Ra4 {[%clk 0:03:00]} 35. Ra7 0-1

[Event "Göteborg Open 2016"]
[Site "Idrottsvägen 2, Mölnlycke, Sweden"]
[Date "2016.08.19"]
[Round "1.2"]
[White "Blomqvist, Erik"]
[Black "Sundqvist, Jan-Ove"]
[Result "1-0"]
[BlackElo "1906"]
[WhiteElo "2557"]
[LiveChessVersion "1.4.8"]

1. Nf3 {[%clk 0:15:08]} f5 {[%clk 0:15:08]} 2. d3 {[%clk 0:15:12]} e6
{[%clk 0:15:12]} 3. e4 {[%clk 0:15:16]} fxe4 {[%clk 0:14:58]} 4. dxe4
{[%clk 0:15:19]} Nc6 {[%clk 0:14:50]} 5. Nc3 {[%clk 0:15:18]} g6 {[%clk 0:14:53]}
6. Bg5 {[%clk 0:15:16]} Be7 {[%clk 0:14:50]} 7. h4 {[%clk 0:15:20]} h6
{[%clk 0:13:26]} 8. Be3 {[%clk 0:15:06]} d6 {[%clk 0:12:55]} 9. Qd2
{[%clk 0:15:02]} Bf6 {[%clk 0:12:31]} 10. O-O-O {[%clk 0:14:59]} Qe7
{[%clk 0:12:14]} 11. Bb5 {[%clk 0:14:53]} Bd7 {[%clk 0:12:18]} 12. Kb1
{[%clk 0:14:45]} a6 {[%clk 0:12:23]} 13. Ba4 {[%clk 0:14:47]} Qg7
{[%clk 0:12:00]} 14. Bb3 {[%clk 0:12:16]} Nge7 {[%clk 0:10:45]} 15. Ne2
{[%clk 0:12:05]} e5 {[%clk 0:09:41]} 16. Ng5 {[%clk 0:10:56]} Nd4
{[%clk 0:08:49]} 17. Bxd4 {[%clk 0:09:44]} exd4 {[%clk 0:08:53]} 18. Bf7+
{[%clk 0:09:15]} Kd8 {[%clk 0:08:35]} 19. Ne6+ {[%clk 0:09:18]} Bxe6
{[%clk 0:08:38]} 20. Bxe6 {[%clk 0:09:22]} Nc6 {[%clk 0:08:33]} 21. Nf4
{[%clk 0:09:01]} Re8 {[%clk 0:08:15]} 22. Bd5 {[%clk 0:08:54]} Kc8
{[%clk 0:07:52]} 23. Qd3 {[%clk 0:08:29]} Nb4 {[%clk 0:07:15]} 24. Be6+
{[%clk 0:07:59]} Kb8 {[%clk 0:07:07]} 25. Qb3 {[%clk 0:08:03]} a5
{[%clk 0:06:56]} 26. a3 {[%clk 0:08:04]} Na6 {[%clk 0:06:54]} 27. Qb5
{[%clk 0:07:48]} Ka7 {[%clk 0:06:00]} 28. Ba2 {[%clk 0:07:00]} Re5
{[%clk 0:05:42]} 29. Nd5 {[%clk 0:06:50]} Bd8 {[%clk 0:03:22]} 30. Qd3
{[%clk 0:06:30]} Nc5 {[%clk 0:03:20]} 31. Qxd4 {[%clk 0:06:32]} Bf6
{[%clk 0:02:56]} 32. Nxf6 {[%clk 0:06:27]} Qxf6 {[%clk 0:02:59]} 33. b4
{[%clk 0:06:22]} axb4 {[%clk 0:02:50]} 34. axb4 {[%clk 0:06:26]} Qf4
{[%clk 0:02:38]} 35. bxc5 {[%clk 0:05:59]} Rxe4 {[%clk 0:02:36]} 36. Qb2
{[%clk 0:05:45]} Rb4 {[%clk 0:02:30]} 37. Bb3 {[%clk 0:05:48]} dxc5
{[%clk 0:02:34]} 38. Qa1+ {[%clk 0:05:36]} Kb6 {[%clk 0:02:36]} 39. Qxa8
{[%clk 0:05:38]} c4 {[%clk 0:02:35]} 40. Rhe1 {[%clk 0:04:42]} cxb3
{[%clk 0:02:31]} 41. Re6+ {[%clk 0:04:41]} c6 {[%clk 0:02:28]} 42. Qd8+
{[%clk 0:04:42]} Ka6 {[%clk 0:02:26]} 43. Qd3+ {[%clk 0:04:38]} 1-0

[Event "Göteborg Open 2016"]
[Site "Idrottsvägen 2, Mölnlycke, Sweden"]
[Date "2016.08.19"]
[Round "1.3"]
[White "Tillman, Jan-Olof"]
[Black "Hector, Jonny"]
[Result "0-1"]
[BlackElo "2518"]
[WhiteElo "1905"]
[LiveChessVersion "1.4.8"]

1. Nf3 {[%clk 0:15:05]} d5 {[%clk 0:15:07]} 2. g3 {[%clk 0:14:56]} Nc6
{[%clk 0:15:09]} 3. Bg2 {[%clk 0:14:56]} e5 {[%clk 0:15:10]} 4. e3
{[%clk 0:14:14]} Bd6 {[%clk 0:14:53]} 5. O-O {[%clk 0:14:16]} e4 {[%clk 0:14:44]}
6. Nd4 {[%clk 0:14:16]} Ne5 {[%clk 0:14:40]} 7. d3 {[%clk 0:09:13]} Bg4
{[%clk 0:14:40]} 8. f3 {[%clk 0:08:02]} exf3 {[%clk 0:14:40]} 9. Bxf3
{[%clk 0:07:53]} Nxf3+ {[%clk 0:14:36]} 10. Nxf3 {[%clk 0:07:54]} Nf6
{[%clk 0:14:34]} 11. Qe1 {[%clk 0:07:15]} O-O {[%clk 0:14:12]} 12. Nc3
{[%clk 0:07:18]} Re8 {[%clk 0:14:04]} 13. Qf2 {[%clk 0:07:18]} c6
{[%clk 0:13:29]} 14. Bd2 {[%clk 0:07:15]} Bh3 {[%clk 0:13:20]} 15. Rfe1
{[%clk 0:05:05]} Ng4 {[%clk 0:13:22]} 16. Qe2 {[%clk 0:05:09]} Qf6
{[%clk 0:12:47]} 17. Nd1 {[%clk 0:03:40]} Bc5 {[%clk 0:12:00]} 18. d4
{[%clk 0:03:23]} Bb6 {[%clk 0:11:49]} 19. Nf2 {[%clk 0:03:27]} Nxf2
{[%clk 0:11:43]} 20. Qxf2 {[%clk 0:03:29]} Bf5 {[%clk 0:11:02]} 21. c3
{[%clk 0:03:23]} Be4 {[%clk 0:10:55]} 22. Ne5 {[%clk 0:03:10]} Qxf2+
{[%clk 0:10:50]} 23. Kxf2 {[%clk 0:03:14]} Re6 {[%clk 0:10:19]} 24. Ke2
{[%clk 0:03:00]} Rae8 {[%clk 0:10:07]} 25. Rf1 {[%clk 0:03:00]} R6e7
{[%clk 0:08:31]} 26. Rf2 {[%clk 0:02:59]} Bc7 {[%clk 0:08:06]} 27. Nd3
{[%clk 0:02:57]} Bd6 {[%clk 0:08:07]} 28. Raf1 {[%clk 0:02:57]} f5
{[%clk 0:07:51]} 29. b3 {[%clk 0:02:12]} g6 {[%clk 0:07:10]} 30. c4
{[%clk 0:02:11]} Rd7 {[%clk 0:06:59]} 31. c5 {[%clk 0:01:54]} Bf8
{[%clk 0:07:02]} 32. b4 {[%clk 0:01:24]} Rde7 {[%clk 0:06:54]} 33. a4
{[%clk 0:01:21]} Bh6 {[%clk 0:06:52]} 34. Ne5 {[%clk 0:01:19]} Bg7
{[%clk 0:06:17]} 35. Nd3 {[%clk 0:01:22]} b6 {[%clk 0:05:51]} 36. Rc1
{[%clk 0:01:21]} Rc8 {[%clk 0:05:12]} 37. cxb6 {[%clk 0:00:52]} axb6
{[%clk 0:05:15]} 38. Rff1 {[%clk 0:00:33]} Bg2 {[%clk 0:05:19]} 39. Rg1
{[%clk 0:00:33]} Bh3 {[%clk 0:05:22]} 40. Rc3 {[%clk 0:00:34]} Bxd4
{[%clk 0:05:24]} 41. Rc2 {[%clk 0:00:32]} Bxe3 {[%clk 0:05:04]} 42. Bxe3
{[%clk 0:00:26]} d4 {[%clk 0:05:07]} 43. Nf4 {[%clk 0:00:17]} Bg4+
{[%clk 0:05:06]} 44. Kd2 {[%clk 0:00:10]} dxe3+ {[%clk 0:05:08]} 45. Kc1
{[%clk 0:00:08]} e2 {[%clk 0:04:42]} 46. Re1 {[%clk 0:00:12]} Rd8
{[%clk 0:04:19]} 47. Rd2 {[%clk 0:00:10]} Rxd2 {[%clk 0:04:10]} 48. Kxd2
{[%clk 0:00:14]} Re4 {[%clk 0:04:12]} 49. Nxe2 {[%clk 0:00:12]} Rxb4
{[%clk 0:04:05]} 50. Nf4 {[%clk 0:00:10]} Rxa4 {[%clk 0:04:02]} 51. Re7
{[%clk 0:00:09]} Re4 {[%clk 0:03:34]} 52. Rb7 {[%clk 0:00:09]} b5
{[%clk 0:03:30]} 53. Rc7 {[%clk 0:00:10]} Bf3 {[%clk 0:03:30]} 54. Nd3
{[%clk 0:00:00]} 0-1

[Event "Göteborg Open 2016"]
[Site "Idrottsvägen 2, Mölnlycke, Sweden"]
[Date "2016.08.19"]
[Round "1.4"]
[White "Westerberg, Jonathan"]
[Black "Alfvén, Jörgen"]
[Result "1-0"]
[BlackElo "1902"]
[WhiteElo "2488"]
[LiveChessVersion "1.4.8"]

1. d4 {[%clk 0:15:03]} Nf6 {[%clk 0:15:06]} 2. c4 {[%clk 0:15:07]} e6
{[%clk 0:15:02]} 3. Nc3 {[%clk 0:15:10]} c5 {[%clk 0:15:02]} 4. d5
{[%clk 0:15:12]} exd5 {[%clk 0:15:04]} 5. cxd5 {[%clk 0:15:15]} d6
{[%clk 0:15:08]} 6. Bf4 {[%clk 0:15:05]} a6 {[%clk 0:14:14]} 7. a4
{[%clk 0:15:03]} g6 {[%clk 0:14:17]} 8. e4 {[%clk 0:14:39]} Bg7 {[%clk 0:13:28]}
9. Be2 {[%clk 0:14:41]} O-O {[%clk 0:13:31]} 10. Nf3 {[%clk 0:14:44]} Re8
{[%clk 0:13:25]} 11. Nd2 {[%clk 0:14:46]} Qe7 {[%clk 0:13:08]} 12. O-O
{[%clk 0:14:42]} Nbd7 {[%clk 0:13:09]} 13. Nc4 {[%clk 0:14:22]} Ne5
{[%clk 0:12:10]} 14. Bxe5 {[%clk 0:14:04]} dxe5 {[%clk 0:12:13]} 15. a5
{[%clk 0:13:52]} Nd7 {[%clk 0:12:08]} 16. d6 {[%clk 0:13:55]} Qd8
{[%clk 0:09:13]} 17. Nd5 {[%clk 0:13:58]} b5 {[%clk 0:08:47]} 18. axb6
{[%clk 0:13:58]} Rb8 {[%clk 0:08:51]} 19. Na5 {[%clk 0:13:23]} Rxb6
{[%clk 0:08:09]} 20. Nxb6 {[%clk 0:13:24]} Nxb6 {[%clk 0:08:13]} 21. Nc4
{[%clk 0:13:14]} Bb7 {[%clk 0:07:44]} 22. Nxb6 {[%clk 0:12:19]} Qxb6
{[%clk 0:07:48]} 23. Qa4 {[%clk 0:12:21]} Rd8 {[%clk 0:07:37]} 24. d7
{[%clk 0:12:14]} Bc6 {[%clk 0:06:10]} 25. Qxa6 {[%clk 0:12:17]} Qxa6
{[%clk 0:06:13]} 26. Rxa6 {[%clk 0:12:20]} Bxd7 {[%clk 0:06:16]} 27. Rd1
{[%clk 0:12:21]} Kf8 {[%clk 0:06:07]} 28. Ra7 {[%clk 0:12:23]} Ke8
{[%clk 0:06:03]} 29. Rdxd7 {[%clk 0:12:25]} Rxd7 {[%clk 0:06:06]} 30. Bb5
{[%clk 0:12:29]} 1-0

[Event "Göteborg Open 2016"]
[Site "Idrottsvägen 2, Mölnlycke, Sweden"]
[Date "2016.08.19"]
[Round "1.5"]
[White "Blazekovic, Nina"]
[Black "Antonsen, Mikkel"]
[Result "0-1"]
[BlackElo "2475"]
[WhiteElo "1898"]
[LiveChessVersion "1.4.8"]

1. e4 {[%clk 0:15:08]} e5 {[%clk 0:15:09]} 2. Nf3 {[%clk 0:15:12]} Nc6
{[%clk 0:15:14]} 3. d4 {[%clk 0:15:16]} exd4 {[%clk 0:15:17]} 4. Nxd4
{[%clk 0:15:20]} Nf6 {[%clk 0:15:21]} 5. Nxc6 {[%clk 0:15:24]} bxc6 6. e5 Qe7
{[%clk 0:15:28]} 7. Qe2 {[%clk 0:15:32]} Nd5 {[%clk 0:15:33]} 8. c4
{[%clk 0:15:37]} Nb6 {[%clk 0:15:37]} 9. Nc3 {[%clk 0:15:40]} Qe6
{[%clk 0:15:21]} 10. b3 {[%clk 0:15:39]} Bb4 {[%clk 0:14:48]} 11. Bb2
{[%clk 0:15:42]} O-O {[%clk 0:14:30]} 12. O-O-O {[%clk 0:15:44]} a5
{[%clk 0:14:21]} 13. Qe4 {[%clk 0:15:15]} a4 {[%clk 0:14:22]} 14. f4
{[%clk 0:15:12]} f5 {[%clk 0:13:43]} 15. exf6 {[%clk 0:14:26]} Qxf6
{[%clk 0:13:41]} 16. Bd3 {[%clk 0:12:27]} Bxc3 {[%clk 0:12:57]} 17. Qxh7+
{[%clk 0:12:09]} Kf7 {[%clk 0:13:01]} 18. Qh5+ {[%clk 0:12:04]} Ke7
{[%clk 0:12:47]} 19. Rhe1+ {[%clk 0:10:02]} Kd8 {[%clk 0:12:50]} 20. Bxc3
{[%clk 0:07:44]} Qxc3+ {[%clk 0:12:53]} 21. Bc2 {[%clk 0:07:48]} axb3
{[%clk 0:11:48]} 22. Qh4+ {[%clk 0:07:37]} Qf6 {[%clk 0:11:47]} 23. Qxf6+
{[%clk 0:07:35]} Rxf6 {[%clk 0:11:31]} 24. Bxb3 {[%clk 0:07:33]} c5
{[%clk 0:11:04]} 25. Re4 {[%clk 0:07:20]} Bb7 {[%clk 0:10:53]} 26. Re2
{[%clk 0:06:51]} Rxf4 {[%clk 0:10:29]} 27. Rde1 {[%clk 0:06:52]} Rf8
{[%clk 0:10:28]} 28. Kb1 {[%clk 0:05:42]} Bc6 {[%clk 0:09:48]} 29. g3
{[%clk 0:04:43]} Kc8 {[%clk 0:09:31]} 30. Re7 {[%clk 0:04:33]} Rg8
{[%clk 0:09:26]} 31. Bc2 {[%clk 0:04:16]} g5 {[%clk 0:08:39]} 32. R7e5
{[%clk 0:03:13]} d6 {[%clk 0:08:23]} 33. Re7 {[%clk 0:03:14]} Kb7
{[%clk 0:08:15]} 34. Be4 {[%clk 0:02:06]} Nxc4 {[%clk 0:08:02]} 35. a4
{[%clk 0:01:17]} Nd2+ 0-1

[Event "Göteborg Open 2016"]
[Site "Idrottsvägen 2, Mölnlycke, Sweden"]
[Date "2016.08.19"]
[Round "1.6"]
[White "Winsnes, Rikard"]
[Black "Troberg Eskola, Love"]
[Result "1-0"]
[BlackElo "1881"]
[WhiteElo "2395"]
[LiveChessVersion "1.4.8"]

1. c4 {[%clk 0:15:08]} f5 {[%clk 0:15:10]} 2. g3 {[%clk 0:15:08]} Nf6
{[%clk 0:15:10]} 3. Bg2 {[%clk 0:15:12]} g6 {[%clk 0:15:13]} 4. Nc3
{[%clk 0:14:59]} Bg7 {[%clk 0:15:17]} 5. Nf3 {[%clk 0:14:46]} d6 {[%clk 0:15:05]}
6. d3 {[%clk 0:14:43]} O-O {[%clk 0:15:06]} 7. O-O {[%clk 0:14:45]} e5
{[%clk 0:15:09]} 8. e4 {[%clk 0:14:24]} f4 {[%clk 0:14:53]} 9. gxf4
{[%clk 0:13:51]} exf4 {[%clk 0:14:57]} 10. e5 {[%clk 0:11:01]} Nh5
{[%clk 0:14:47]} 11. exd6 {[%clk 0:10:56]} Qxd6 {[%clk 0:14:51]} 12. d4
{[%clk 0:10:35]} Nc6 {[%clk 0:14:16]} 13. d5 {[%clk 0:10:23]} Ne5
{[%clk 0:14:20]} 14. Nxe5 {[%clk 0:08:56]} Qxe5 {[%clk 0:14:23]} 15. Bf3
{[%clk 0:08:21]} Bh3 {[%clk 0:13:18]} 16. Re1 Qg5+ 17. Kh1 {[%clk 0:08:28]} a6
{[%clk 0:12:32]} 18. Rg1 {[%clk 0:07:21]} Qh4 {[%clk 0:12:35]} 19. Ne4
{[%clk 0:07:24]} Nf6 20. Ng5 {[%clk 0:07:06]} Bd7 {[%clk 0:11:45]} 21. Rg2
{[%clk 0:06:23]} Rae8 {[%clk 0:11:09]} 22. Bd2 {[%clk 0:06:14]} Re5
{[%clk 0:09:56]} 23. Ne6 {[%clk 0:06:03]} Bxe6 {[%clk 0:09:40]} 24. dxe6
{[%clk 0:06:05]} c6 {[%clk 0:09:41]} 25. Bb4 {[%clk 0:05:34]} Re8
{[%clk 0:09:28]} 26. e7 {[%clk 0:05:37]} c5 {[%clk 0:09:27]} 27. Bc3
{[%clk 0:05:40]} R5xe7 {[%clk 0:09:30]} 28. Qd6 {[%clk 0:05:24]} Ne4
{[%clk 0:09:09]} 29. Qd5+ {[%clk 0:04:48]} Kh8 {[%clk 0:09:03]} 30. Bxg7+
{[%clk 0:04:30]} Kxg7 {[%clk 0:09:06]} 31. Bxe4 {[%clk 0:04:01]} Rxe4
{[%clk 0:09:10]} 32. Rag1 {[%clk 0:04:03]} R4e5 {[%clk 0:08:39]} 33. Qxb7+
{[%clk 0:03:59]} R8e7 {[%clk 0:08:42]} 34. Qxa6 {[%clk 0:03:57]} Qh5
{[%clk 0:07:55]} 35. Qa3 {[%clk 0:03:33]} Qe2 {[%clk 0:06:55]} 36. Qc3
{[%clk 0:03:07]} Kf7 {[%clk 0:06:39]} 37. Qh3 {[%clk 0:02:45]} Rh5
{[%clk 0:06:32]} 38. Qg4 {[%clk 0:02:39]} f3 {[%clk 0:05:52]} 39. Rg3
{[%clk 0:02:25]} Rf5 {[%clk 0:05:56]} 40. Rh3 {[%clk 0:02:29]} Ke6
{[%clk 0:05:41]} 41. Rxh7 {[%clk 0:02:23]} Rxh7 {[%clk 0:05:19]} 42. Qxg6+
{[%clk 0:02:27]} Ke5 {[%clk 0:05:15]} 43. Qxh7 {[%clk 0:02:16]} Qxf2
{[%clk 0:05:13]} 44. Qe7+ {[%clk 0:02:10]} Kf4 {[%clk 0:05:03]} 45. Qd6+
{[%clk 0:01:59]} Ke4 {[%clk 0:04:26]} 46. Rg4+ {[%clk 0:01:53]} Ke3
{[%clk 0:04:30]} 47. Qe6+ {[%clk 0:01:56]} Kd2 {[%clk 0:04:24]} 48. Qxf5
{[%clk 0:01:59]} Qe1+ {[%clk 0:04:08]} 49. Rg1 {[%clk 0:02:03]} f2
{[%clk 0:04:12]} 50. Qg5+ {[%clk 0:01:48]} Kc2 {[%clk 0:04:13]} 51. Qg2
{[%clk 0:01:46]} Kd3 {[%clk 0:03:55]} 52. Rf1 {[%clk 0:01:49]} 1-0

[Event "Göteborg Open 2016"]
[Site "Idrottsvägen 2, Mölnlycke, Sweden"]
[Date "2016.08.19"]
[Round "1.7"]
[White "Hägglund, Lars"]
[Black "Golubka, Petro"]
[Result "0-1"]
[BlackElo "2373"]
[WhiteElo "1844"]
[LiveChessVersion "1.4.8"]

1. d4 {[%clk 0:15:09]} d5 {[%clk 0:15:00]} 2. Bf4 {[%clk 0:15:13]} c6
{[%clk 0:14:55]} 3. e3 {[%clk 0:15:16]} Qb6 {[%clk 0:14:44]} 4. Qc1
{[%clk 0:15:14]} Bf5 {[%clk 0:14:38]} 5. Nd2 {[%clk 0:15:16]} e6 {[%clk 0:14:31]}
6. Ngf3 {[%clk 0:15:19]} c5 {[%clk 0:14:11]} 7. c3 {[%clk 0:15:02]} Nc6
{[%clk 0:14:11]} 8. Be2 {[%clk 0:14:56]} Nf6 {[%clk 0:14:08]} 9. h3
{[%clk 0:14:59]} h6 {[%clk 0:14:10]} 10. O-O {[%clk 0:15:01]} Be7
{[%clk 0:14:10]} 11. Ne5 {[%clk 0:14:48]} O-O {[%clk 0:14:05]} 12. g4
{[%clk 0:14:42]} Bh7 {[%clk 0:14:08]} 13. g5 {[%clk 0:14:46]} hxg5
{[%clk 0:14:08]} 14. Bxg5 {[%clk 0:14:49]} Qd8 {[%clk 0:13:37]} 15. f4
{[%clk 0:14:12]} Ne4 {[%clk 0:13:33]} 16. Nxe4 {[%clk 0:14:15]} Bxe4
{[%clk 0:13:35]} 17. Bxe7 {[%clk 0:13:43]} Qxe7 {[%clk 0:13:28]} 18. Nf3
{[%clk 0:12:44]} Bxf3 {[%clk 0:13:10]} 19. Rxf3 {[%clk 0:12:41]} g6
{[%clk 0:13:14]} 20. Qe1 {[%clk 0:12:13]} Rac8 {[%clk 0:13:07]} 21. Qg3
{[%clk 0:12:06]} cxd4 {[%clk 0:13:10]} 22. exd4 {[%clk 0:12:08]} Kg7
{[%clk 0:12:59]} 23. Bd3 {[%clk 0:12:07]} f5 {[%clk 0:12:51]} 24. Re1
{[%clk 0:12:04]} Rf6 {[%clk 0:12:55]} 25. Rfe3 {[%clk 0:12:07]} Rh8
{[%clk 0:12:54]} 26. Qg5 {[%clk 0:11:51]} Rh5 {[%clk 0:12:48]} 27. Qg2
{[%clk 0:11:45]} Qd6 {[%clk 0:12:44]} 28. Rf3 {[%clk 0:10:53]} Nd8
{[%clk 0:12:32]} 29. Be2 {[%clk 0:10:37]} Nf7 {[%clk 0:12:21]} 30. Re3
{[%clk 0:10:28]} Rh4 {[%clk 0:12:21]} 31. Re5 {[%clk 0:09:43]} Rxf4
{[%clk 0:12:11]} 32. Bd3 {[%clk 0:09:32]} Re4 {[%clk 0:11:50]} 33. Bxe4
{[%clk 0:09:18]} dxe4 {[%clk 0:11:50]} 34. Ra5 {[%clk 0:08:45]} e5
{[%clk 0:11:44]} 35. Rd1 {[%clk 0:07:28]} Qb6 {[%clk 0:10:47]} 36. Rd5
{[%clk 0:06:14]} e3 {[%clk 0:10:22]} 37. Qf3 {[%clk 0:05:33]} f4 {[%clk 0:10:17]}
38. b3 {[%clk 0:05:15]} Qe6 {[%clk 0:09:26]} 39. Qe4 {[%clk 0:05:01]} e2
{[%clk 0:09:16]} 40. Re1 {[%clk 0:05:04]} f3 {[%clk 0:09:20]} 41. Kf2
{[%clk 0:04:33]} Rf4 {[%clk 0:09:17]} 42. Qc2 {[%clk 0:03:14]} Qxd5
{[%clk 0:09:20]} 43. Rg1 {[%clk 0:03:18]} e4 {[%clk 0:09:20]} 44. Rg3
{[%clk 0:02:34]} e3+ {[%clk 0:09:15]} 45. Kxe3 {[%clk 0:02:12]} e1=Q+
{[%clk 0:09:17]} 0-1

[Event "Göteborg Open 2016"]
[Site "Idrottsvägen 2, Mölnlycke, Sweden"]
[Date "2016.08.19"]
[Round "1.8"]
[White "Fries-Nielsen, Jens Ove"]
[Black "Marcussen, Claus"]
[Result "1-0"]
[BlackElo "1838"]
[WhiteElo "2369"]
[LiveChessVersion "1.4.8"]

1. e4 {[%clk 0:14:59]} e5 {[%clk 0:15:00]} 2. Ne2 {[%clk 0:14:38]} Nc6
{[%clk 0:14:59]} 3. Nbc3 {[%clk 0:14:28]} Nf6 {[%clk 0:15:00]} 4. g3
{[%clk 0:14:09]} Bc5 {[%clk 0:13:58]} 5. Bg2 {[%clk 0:13:53]} Ng4
{[%clk 0:12:35]} 6. O-O {[%clk 0:13:22]} d6 {[%clk 0:12:07]} 7. Na4
{[%clk 0:12:02]} Nxf2 {[%clk 0:11:26]} 8. Rxf2 {[%clk 0:11:50]} Bxf2+
{[%clk 0:11:29]} 9. Kxf2 {[%clk 0:11:43]} Bd7 {[%clk 0:11:31]} 10. Nac3
{[%clk 0:11:38]} O-O {[%clk 0:10:53]} 11. d3 {[%clk 0:11:41]} Ne7
{[%clk 0:10:11]} 12. Kg1 {[%clk 0:11:40]} f5 {[%clk 0:09:45]} 13. exf5
{[%clk 0:11:39]} c6 {[%clk 0:09:29]} 14. g4 {[%clk 0:11:07]} g6 {[%clk 0:09:01]}
15. Bh6 {[%clk 0:11:04]} Rf7 {[%clk 0:08:56]} 16. Ne4 {[%clk 0:10:48]} gxf5
{[%clk 0:08:27]} 17. gxf5 {[%clk 0:09:28]} Nxf5 {[%clk 0:08:29]} 18. Qc1
{[%clk 0:08:55]} Nxh6 {[%clk 0:08:03]} 19. Qxh6 {[%clk 0:08:58]} Qf8
{[%clk 0:08:05]} 20. Qxf8+ {[%clk 0:08:41]} Raxf8 {[%clk 0:08:06]} 21. Nxd6
{[%clk 0:08:42]} Rf2 {[%clk 0:08:00]} 22. Re1 {[%clk 0:08:27]} Bg4
{[%clk 0:08:03]} 23. Bf1 {[%clk 0:08:13]} b6 {[%clk 0:06:43]} 24. Ng3
{[%clk 0:07:06]} Rxc2 {[%clk 0:05:17]} 25. Rxe5 {[%clk 0:07:09]} Rf6
{[%clk 0:04:36]} 26. Re8+ {[%clk 0:05:47]} Kg7 {[%clk 0:04:39]} 27. Nde4
{[%clk 0:05:40]} Rg6 {[%clk 0:04:17]} 28. Re7+ {[%clk 0:05:32]} Kh6
{[%clk 0:04:20]} 29. Nf2 {[%clk 0:05:19]} Rxb2 {[%clk 0:03:59]} 30. Rxa7
{[%clk 0:05:08]} Be6 {[%clk 0:03:22]} 31. a4 {[%clk 0:05:03]} Bd5
{[%clk 0:03:14]} 32. Nfe4 {[%clk 0:04:21]} Rb1 {[%clk 0:02:24]} 33. Kf2
{[%clk 0:04:11]} Bxe4 {[%clk 0:02:15]} 34. dxe4 {[%clk 0:04:00]} Rf6+
{[%clk 0:01:58]} 35. Nf5+ {[%clk 0:04:00]} Kg5 {[%clk 0:01:54]} 36. Rxh7
{[%clk 0:03:43]} Ra1 {[%clk 0:01:51]} 37. Bg2 {[%clk 0:03:13]} Rxa4
{[%clk 0:01:46]} 38. Kg3 {[%clk 0:03:06]} Ra3+ {[%clk 0:01:29]} 39. Bf3
{[%clk 0:03:08]} Rg6 {[%clk 0:01:06]} 40. h4+ {[%clk 0:02:51]} Kf6+
{[%clk 0:01:08]} 41. Kf4 {[%clk 0:02:55]} c5 {[%clk 0:00:58]} 42. e5+
{[%clk 0:02:51]} Ke6 {[%clk 0:01:00]} 43. Re7# {[%clk 0:02:54]} 1-0

[Event "Göteborg Open 2016"]
[Site "Idrottsvägen 2, Mölnlycke, Sweden"]
[Date "2016.08.19"]
[Round "1.9"]
[White "Gummesson, Anton"]
[Black "Ernst, Thomas"]
[Result "0-1"]
[BlackElo "2357"]
[WhiteElo "1832"]
[LiveChessVersion "1.4.8"]

1. e4 {[%clk 0:09:40]} c5 {[%clk 0:15:08]} 2. Nf3 {[%clk 0:09:43]} d6
{[%clk 0:15:12]} 3. d4 {[%clk 0:09:47]} cxd4 {[%clk 0:15:15]} 4. Nxd4
{[%clk 0:09:50]} Nf6 {[%clk 0:15:18]} 5. Nc3 {[%clk 0:09:54]} a6 {[%clk 0:15:22]}
6. Be2 {[%clk 0:09:57]} e6 {[%clk 0:15:25]} 7. O-O {[%clk 0:09:56]} Be7
{[%clk 0:15:28]} 8. Be3 {[%clk 0:09:57]} O-O {[%clk 0:15:29]} 9. a4
{[%clk 0:09:48]} Qc7 {[%clk 0:15:22]} 10. Kh1 {[%clk 0:09:22]} b6
{[%clk 0:15:08]} 11. f4 {[%clk 0:08:41]} Bb7 {[%clk 0:15:10]} 12. Bf3
{[%clk 0:08:44]} Nbd7 {[%clk 0:15:09]} 13. Re1 {[%clk 0:08:46]} Rac8
{[%clk 0:14:38]} 14. Qe2 {[%clk 0:07:39]} Rfe8 {[%clk 0:13:42]} 15. Rad1
{[%clk 0:07:15]} e5 {[%clk 0:12:30]} 16. Nf5 {[%clk 0:05:59]} Bf8
{[%clk 0:12:28]} 17. Qd2 {[%clk 0:04:52]} Re6 {[%clk 0:11:42]} 18. Re2
{[%clk 0:03:39]} exf4 {[%clk 0:10:13]} 19. Bxf4 {[%clk 0:03:42]} Ne5
{[%clk 0:10:15]} 20. Bxe5 {[%clk 0:02:15]} dxe5 {[%clk 0:10:11]} 21. Qe3
{[%clk 0:02:11]} h6 {[%clk 0:07:48]} 22. Red2 {[%clk 0:02:14]} Bb4
{[%clk 0:07:16]} 23. Rd3 {[%clk 0:01:34]} Kh7 {[%clk 0:06:48]} 24. Nd5
{[%clk 0:01:25]} Bxd5 {[%clk 0:06:42]} 25. exd5 {[%clk 0:01:29]} Ree8
{[%clk 0:06:46]} 26. c3 {[%clk 0:01:04]} Bc5 {[%clk 0:06:45]} 27. d6
{[%clk 0:00:51]} Qd7 {[%clk 0:06:28]} 28. Qc1 {[%clk 0:00:31]} e4 0-1

[Event "Göteborg Open 2016"]
[Site "Idrottsvägen 2, Mölnlycke, Sweden"]
[Date "2016.08.19"]
[Round "1.10"]
[White "Kazakovskiy, Valeriy"]
[Black "Torkkeli, Ted"]
[Result "1-0"]
[BlackElo "1812"]
[WhiteElo "2342"]
[LiveChessVersion "1.4.8"]

1. Nf3 {[%clk 0:15:06]} d5 {[%clk 0:15:06]} 2. d4 {[%clk 0:15:06]} g6
{[%clk 0:14:59]} 3. c4 {[%clk 0:14:59]} c6 {[%clk 0:14:51]} 4. Bf4
{[%clk 0:14:35]} Bg7 {[%clk 0:14:40]} 5. e3 {[%clk 0:14:17]} Nf6 {[%clk 0:14:24]}
6. Nc3 {[%clk 0:14:16]} O-O {[%clk 0:14:21]} 7. Qb3 {[%clk 0:14:08]} b6
{[%clk 0:13:05]} 8. cxd5 {[%clk 0:13:20]} Nxd5 {[%clk 0:12:20]} 9. Nxd5
{[%clk 0:12:45]} cxd5 {[%clk 0:11:49]} 10. Rc1 {[%clk 0:12:30]} Bb7
{[%clk 0:10:55]} 11. Bb5 {[%clk 0:10:51]} Na6 {[%clk 0:09:56]} 12. O-O
{[%clk 0:10:13]} Rc8 {[%clk 0:09:26]} 13. Qa4 {[%clk 0:09:59]} Nc7
{[%clk 0:07:12]} 14. Bd7 {[%clk 0:08:57]} b5 {[%clk 0:05:45]} 15. Qxa7
{[%clk 0:08:34]} Qxd7 {[%clk 0:05:29]} 16. Qxb7 {[%clk 0:08:35]} e5
{[%clk 0:05:23]} 17. Nxe5 {[%clk 0:08:17]} 1-0